Maria Atravessa o Atlântico (Registo nº 1237)

Detalhes MARC
000 -Etiqueta do registo
Cabeçalho 00774nam0a2200277 4500
005 - Identificador da versão
Campo de controlo 20240813121830.0
010 ## - Número internacional normalizado dos livros (ISBN)
Número (ISBN) 9789895555000
021 ## - Número do Depósito Legal
Código do país PT
Número 303884/09
100 ## - Dados gerais de processamento
Dados gerais de processamento 20110117d2010 d y0pory5003 ba
102 ## - Pais de publicação ou produção
País de publicação Portugal
101 0# - Língua de publicação
Língua do texto, banda sonora, etc. Português
Língua do documento no original Português
106 ## - Campo de dados codificados: material textual
Dados codificados do material textual r
105 ## - Campo de dados codificados: livros
Dados codificados dos livros y z 001yy
215 ## - Descrição física 
Indicação específica da natureza do documento e extensão da espécie 163 p.
200 1# - Titulo e menção de responsabilidade
Título próprio Maria Atravessa o Atlântico
Primeira menção de responsabilidade Margarida Fonseca Santos
Outras menções de responsabilidade Maria João Lopo de Carvalho
225 2# - Colecção 
Título próprio da colecção 7 irmãos
Indicação de volume 4
205 ## - Menção da edição
Menção da edição 1 ed.
210 ## - Publicação, Distribuição, etc. 
Lugar da edição, distribuição, etc. Alfragide
Nome do editor, distribuidor, etc. Oficina do Livro
Data da publicação, distribuição, etc. 2010
675 ## - Classificação Decimal Universal (CDU)
Notação 821.134.3-311.3
Edição BN
Língua da edição por
701 #1 - Nome de autor-pessoa física (co-responsabilidade principal)
Palavra de ordem Carvalho
Outra parte do nome não tomada para palavra de ordem Maria João Lopo
Datas 1962-
Código de função Autor / Co-autor
700 #1 - Nome de autor-pessoa física (responsabilidade principal)
Número de registo de entrada de autoridade 0001667
Palavra de ordem Santos
Outra parte do nome não tomada para palavra de ordem Margarida Fonseca
Datas 1960-
942 ## - Elementos de entrada adicionados (Koha)
Tipo de item no Koha Livro
Exemplares
Situação do levantamento Origin of item (home branch) (coded) Biblioteca de empréstimo Código de barras Cota Circulation type (not for loan) Tipo de documento Nota do exemplar Damaged status
  Biblioteca Escolar Eng. Nuno Mergulhão Biblioteca Escolar Eng. Nuno Mergulhão BENM2525 8POR SAN   Livro Sem mensagem